000 00820nam a2200229 i 4500
001 187791
003 ES-MaACL
005 20250801084123.0
008 180223s1872 sp |||| | spa d
080 _a326.8(729.1)
080 _a326.8(729.5)
245 0 0 _aAl Excelentísimo Señor Don Eduardo Gasset y Artime, Ministro de Ultramar /
_cpor varios cubanos y puerto-riqueños.
260 _aMadrid :
_b[s.n.],
_c1872 (
_fEstab. Tip. de Ramón Vicente)
300 _a9 p. ;
_c21 cm.
530 _aDisponible en formato digital.
650 4 _aEsclavitud-
_zCuba.
_9138905
650 4 _aEsclavitud-
_zPuerto Rico
_912363
852 4 _aES-MaACL
_jT-616-F-7
852 4 _aES-MaACL
_jT-617-F-9
856 4 _uhttp://bdh-rd.bne.es/viewer.vm?id=0000125952&page=1
_zBiblioteca Digital Hispánica
999 _c187791
_d187791